О, этот вьюноша летучий!

Dettagli Bibliografici
Autore principale: Аксенов В. П. Василий Павлович
Riassunto:В этой книге впервые собраны лучшие, никогда ранее не издававшиеся киносценарии Василия Аксенова, одного из самых известных советских писателей XX века. Эти тексты не похожи на сухие режиссерские сценарии к фильмам, скорее это — увлекательная, динамичная проза, образная и яркая. Она передает не только дух эпохи 1970-х, но и характер самого Аксенова — огневого, стремительного человека, которого можно было либо любить, либо ненавидеть, но равнодушным он не оставлял никого. "О, этот вьюноша летучий!" — сборник из девяти киносценариев, в которых силой аксеновского гения преображены старинные русские сказки и повести, а также — вечные сюжеты мировой истории и литературы. Эта книга — не "просто новинка для поклонников творчества Аксенова, но живой документ эпохи, полной искренних чувств и надежд!
Lingua:russo
Pubblicazione: Москва, Эксмо, 2012
Serie:Остров Аксенов
Soggetti:
Natura: MixedMaterials Libro
KOHA link:https://koha.lib.tpu.ru/cgi-bin/koha/opac-detail.pl?biblionumber=256910

MARC

LEADER 00000nam0a2200000 4500
001 256910
005 20231101233145.0
010 |a 9785699600038 
035 |a (RuTPU)RU\TPU\book\279656 
090 |a 256910 
100 |a 20140411d2012 m y0rusy50 ca 
101 0 |a rus 
102 |a RU 
105 |a y z 000ay 
200 1 |a О, этот вьюноша летучий!  |f В. П. Аксенов 
210 |a Москва  |c Эксмо  |d 2012 
215 |a 672 с. 
225 1 |a Остров Аксенов 
330 |a В этой книге впервые собраны лучшие, никогда ранее не издававшиеся киносценарии Василия Аксенова, одного из самых известных советских писателей XX века. Эти тексты не похожи на сухие режиссерские сценарии к фильмам, скорее это — увлекательная, динамичная проза, образная и яркая. Она передает не только дух эпохи 1970-х, но и характер самого Аксенова — огневого, стремительного человека, которого можно было либо любить, либо ненавидеть, но равнодушным он не оставлял никого. "О, этот вьюноша летучий!" — сборник из девяти киносценариев, в которых силой аксеновского гения преображены старинные русские сказки и повести, а также — вечные сюжеты мировой истории и литературы. Эта книга — не "просто новинка для поклонников творчества Аксенова, но живой документ эпохи, полной искренних чувств и надежд! 
606 1 |a Русская литература современная  |2 stltpush  |3 (RuTPU)RU\TPU\subj\26373  |9 50316 
610 1 |a проза 
610 1 |a киносценарии 
675 |a Р2  |v 3 
700 1 |a Аксенов  |b В. П.  |c русский писатель  |f 1932-2009  |g Василий Павлович  |2 stltpush  |3 (RuTPU)RU\TPU\pers\12306  |9 3316 
801 1 |a RU  |b 63413507  |c 20140411 
801 2 |a RU  |b 63413507  |c 20170504  |g RCR 
942 |c BK 
959 |a 68/20140410  |d 1  |e 323,40  |f ХФ:1